000 01635nam0a2200349 4500
001 RU\NLR\bibl\141591
005 20260407103420.0
010 _a5-7692-0012-Х
_9500
035 _a(NLR Aleph) 000138712
090 _a793504
_c793504
100 _a20010321d1996 |||y0rusy50 ca
101 0 _arus
_deng
_eeng
102 _aRU
105 _aa |||||||||
200 1 _aРегион БАМ: концепция развития на новом этапе
_f[А.Г. Гранберг, Е.Б. Кибалов, А.А. Кин и др.]
_gОтв. ред. акад. РАН А.Г. Гранберг, чл.-корр. РАН В.В. Кулешов
_gРос. акад. наук. Сиб. отд-ние, Ин-т экономики и орг. пром. пр-ва
210 _aНовосибирск
_cИзд-во СО РАН
_d1996
215 _a211,[1] с.
_cил.
_d20
300 _aРез. на англ. яз.
320 _aБиблиогр. в примеч.: с. 199-207
601 0 1 _aБайкало-Амурская магистраль
_xЭкономическое значение
_91067272
_3RU\NLR\auth\6696660
686 _aУ03(2Р54)74
701 1 _aГранберг
_bА. Г.
_4070
701 1 _aКибалов
_bЕ. Б.
_4070
701 1 _aКин
_bА. А.
_4070
712 0 2 _4570
_aИнститут экономики и организации промышленного производства
_cНовосибирск
_3RU\NLR\AUTH\889932312
_9359941
801 0 _aRU
_bNLR
_c20010321
_gPSBO
801 1 _aRU
_bNLR
_c20010321
852 _aNLR
_j2001-3/1094
942 _cBOOK
980 _aNB